[Event "Elit(Solna-Kungstornet)"]
[Site "?"]
[Date "2014.11.21"]
[Round "1"]
[White "Cicak, Slavko"]
[Black "Bergstrom, Christer"]
[Result "1-0"]
[WhiteElo "2515"]
[BlackElo "2357"]
[PlyCount "111"]
[SourceDate "2014.11.26"]

1. e4 c5 2. Nf3 Nc6 3. Bb5 Nf6 4. Bxc6 dxc6 5. d3 g6 6. O-O Bg7 7. h3 O-O 8.
Nc3 Qc7 9. Be3 b6 10. Qc1 Re8 11. Bh6 Bh8 12. e5 Nd7 13. Bf4 Nxe5 14. Kh1 f6
15. Qe3 Bf5 16. Rae1 Rad8 17. Re2 Rd6 18. Nxe5 fxe5 19. Bxe5 Bxe5 20. Qxe5 Qd7
21. Rfe1 Re6 22. Qf4 Rxe2 23. Rxe2 Qd4 24. Qc7 Qd7 25. Qg3 Qd4 26. Qg5 c4 27.
dxc4 Qxc4 28. g4 Be6 29. Kg1 Bf7 30. Re4 Qc5 31. Qxc5 bxc5 32. Re5 c4 33. Kf1
Rb8 34. Rxe7 Rxb2 35. Re2 Bd5 36. f4 Kf7 37. Kf2 Rb8 38. Ke3 Rd8 39. Rf2 Ke6
40. f5+ Ke5 41. f6 Bf7 42. Rf4 h6 43. h4 Rh8 44. Ne4 Bd5 45. g5 hxg5 46. Nxg5
c5 47. a3 a5 48. f7 Rf8 49. Rf2 a4 50. Kd2 Kd4 51. c3+ Ke5 52. Re2+ Kf5 53. Re8
Rxf7 54. Nxf7 Bxf7 55. Rf8 Kf6 56. Ke3 1-0

[Event "Elit(Solna-Kungstornet)"]
[Site "?"]
[Date "2014.11.21"]
[Round "1"]
[White "Valmana Canto, Jaime"]
[Black "Lyrberg, Patrik"]
[Result "1/2-1/2"]
[WhiteElo "2373"]
[BlackElo "2459"]
[PlyCount "68"]

1. d4 Nf6 2. c4 e6 3. Nc3 Bb4 4. e3 O-O 5. Bd3 d5 6. cxd5 exd5 7. Nge2 c5 8. a3
Bxc3+ 9. bxc3 b6 10. O-O Ba6 11. Bb2 Bxd3 12. Qxd3 c4 13. Qc2 Re8 14. Ng3 Ne4
15. Nh1 Qg5 16. Rae1 Qg6 17. f3 Nf6 18. Qf2 Nc6 19. g4 h5 20. h3 hxg4 21. hxg4
Nxg4 22. fxg4 Re4 23. Qf3 Rxg4+ 24. Kf2 Re8 25. Rg1 Rxg1 26. Rxg1 Qc2+ 27. Qe2
Qf5+ 28. Qf3 Qc2+ 29. Qe2 Qf5+ 30. Kg2 Qe4+ 31. Qf3 Qc2+ 32. Qf2 Qe4+ 33. Qf3
Qc2+ 34. Qf2 Qe4+ 1/2-1/2

[Event "Elit(Solna-Kungstornet)"]
[Site "?"]
[Date "2014.11.21"]
[Round "1"]
[White "von Bahr, Oskar"]
[Black "Jonsson, Mikael"]
[Result "1-0"]
[WhiteElo "2337"]
[BlackElo "2309"]
[PlyCount "87"]

1. c4 e5 2. g3 Nc6 3. Bg2 g6 4. Nc3 Bg7 5. e4 Nge7 6. Nge2 O-O 7. d3 Nd4 8.
Nxd4 exd4 9. Ne2 c6 10. O-O d5 11. exd5 cxd5 12. Nf4 dxc4 13. dxc4 Re8 14. Nd3
Nc6 15. Bf4 Bf5 16. Qd2 Rc8 17. b3 b6 18. h3 Qd7 19. Kh2 h6 20. h4 Kh7 21. Rac1
Bf6 22. c5 Re6 23. Bf3 Qd8 24. Rfe1 Rxe1 25. Rxe1 Bxd3 26. Qxd3 bxc5 27. h5 Qd7
28. Bg2 Nb4 29. hxg6+ fxg6 30. Qc4 Re8 31. Bh3 Qxh3+ 32. Kxh3 Rxe1 33. a3 Na2
34. b4 cxb4 35. Qxa2 bxa3 36. Qf7+ Bg7 37. Bd6 Kh8 38. Bf8 Be5 39. f4 Rf1 40.
Bxa3 Bg7 41. Bf8 Bxf8 42. Qxf8+ Kh7 43. Qf7+ Kh8 44. Qxg6 1-0

[Event "Elit(Solna-Kungstornet)"]
[Site "?"]
[Date "2014.11.21"]
[Round "1"]
[White "Karlsson, Tomas"]
[Black "Larsson, Anders"]
[Result "1/2-1/2"]
[WhiteElo "2265"]
[BlackElo "2316"]
[PlyCount "153"]

1. e4 e6 2. d4 d5 3. Nc3 Bb4 4. e5 Qd7 5. a3 Bxc3+ 6. bxc3 b6 7. Nf3 Ne7 8. a4
Ba6 9. Bxa6 Nxa6 10. Qd3 Nb8 11. O-O Nbc6 12. Ba3 Na5 13. Nd2 Rc8 14. Bb4 Nac6
15. Nb3 a5 16. Ba3 O-O 17. f4 f5 18. h3 Rf7 19. Nd2 Ng6 20. Qg3 Nf8 21. Rfd1
Ne7 22. Bxe7 Rxe7 23. Nb3 Qe8 24. Qd3 Rd8 25. c4 dxc4 26. Qxc4 Qh5 27. Kh2 Red7
28. Qc6 Qh4 29. Rf1 Qe7 30. Rad1 h6 31. Rd3 Qf7 32. c4 Ng6 33. Re3 Ne7 34. Qf3
Qe8 35. Rc1 Ng6 36. Ra1 Qe7 37. Qg3 Nf8 38. Qe1 Kh7 39. Qc3 Ng6 40. Rf3 Qe8 41.
Qc2 Ne7 42. Rf2 Kh8 43. Qc3 Nc6 44. Rd2 Nb4 45. Rad1 Qg8 46. Na1 Qe8 47. Nc2 c5
48. Ne3 cxd4 49. Rxd4 Rxd4 50. Rxd4 Rxd4 51. Qxd4 Qc6 52. g4 Qf3 53. gxf5 Nc6
54. Qxb6 Qxf4+ 55. Kh1 Nd4 56. Ng2 Qxe5 57. fxe6 Nxe6 58. Qb5 Qxb5 59. cxb5 Nc5
60. b6 Kg8 61. Ne3 Kf7 62. Nc4 Nb7 63. Kg2 Ke6 64. Kf3 Kd5 65. Ne3+ Kc5 66. Nf5
g6 67. Nxh6 Kb4 68. Nf5 Kxa4 69. Nd4 Kb4 70. Nc6+ Kb5 71. Nxa5 Kxa5 72. Kg4
Kxb6 73. Kg5 Nd6 74. Kxg6 Ne4 75. h4 Ng3 76. Kg5 Kc6 77. h5 1/2-1/2

[Event "Elit(Solna-Kungstornet)"]
[Site "?"]
[Date "2014.11.21"]
[Round "1"]
[White "Wikner, Arvid"]
[Black "Johansson, Gunnar"]
[Result "1-0"]
[WhiteElo "2282"]
[BlackElo "2240"]
[PlyCount "67"]

1. e4 c5 2. Nf3 Nc6 3. d4 cxd4 4. Nxd4 e6 5. Nc3 Qc7 6. Be3 a6 7. Qf3 Nf6 8.
O-O-O Be7 9. Be2 d6 10. Qg3 O-O 11. f4 Nd7 12. Rhf1 Bf6 13. f5 Be5 14. Qh4 Bf6
15. Qh3 Nxd4 16. Bxd4 Ne5 17. g4 Qe7 18. Kb1 Bd7 19. Rg1 Bc6 20. Rg3 h6 21. Be3
Bh4 22. Rg2 Rfd8 23. Rf1 Nd7 24. Bxh6 gxh6 25. g5 hxg5 26. fxe6 Qxe6 27. Qxh4
f6 28. Qh6 Re8 29. Bd3 b5 30. h4 Qh3 31. Rxf6 Nxf6 32. Qg6+ Kh8 33. Qxf6+ Kh7
34. Rxg5 1-0

[Event "Elit(Solna-Kungstornet)"]
[Site "?"]
[Date "2014.11.21"]
[Round "1"]
[White "Lindborg, Petter"]
[Black "Aronsson, Marten"]
[Result "0-1"]
[WhiteElo "2263"]
[BlackElo "2278"]
[PlyCount "122"]
[EventDate "2014.??.??"]

1. d4 d5 2. c4 c6 3. Nf3 Nf6 4. e3 Bg4 5. Qb3 Qb6 6. Nc3 Bxf3 7. gxf3 e6 8. e4
Bb4 9. Bd3 dxc4 10. Bxc4 Nbd7 11. Be3 c5 12. a3 cxd4 13. Qxb4 dxe3 14. Qxb6
Nxb6 15. Bb5+ Ke7 16. fxe3 Rhd8 17. Ke2 a6 18. Bd3 Nfd7 19. Rhd1 Rac8 20. Rac1
Ne5 21. f4 Nxd3 22. Rxd3 Nc4 23. Rxd8 Rxd8 24. Rc2 Rd6 25. e5 Rc6 26. Ne4 Nxe5
27. Rd2 Nc4 28. Rc2 Na5 29. Rd2 b5 30. b4 Nc4 31. Ra2 e5 32. a4 exf4 33. exf4
bxa4 34. Rxa4 f5 35. Ng5 h6 36. Nf3 Re6+ 37. Kf2 Nb2 38. Ra3 Nd1+ 39. Kg3 Kf6
40. Rd3 Nb2 41. Rd4 g5 42. h4 gxf4+ 43. Kxf4 Re4+ 44. Kg3 Rxd4 45. Nxd4 Nd3 46.
b5 axb5 47. Nxb5 Ke5 48. Kf3 Ne1+ 49. Kf2 Nc2 50. Kf3 h5 51. Nc3 Nd4+ 52. Kg3
f4+ 53. Kh3 Nf5 54. Ne2 Ke4 55. Nc3+ Kd4 56. Nd1 Kd3 57. Nf2+ Ke2 58. Ne4 f3
59. Nf6 f2 60. Kh2 f1=Q 61. Ng4 hxg4 0-1

[Event "Elit(Solna-Kungstornet)"]
[Site "?"]
[Date "2014.11.21"]
[Round "1"]
[White "Henriksson, Johan"]
[Black "Steneskog, Per"]
[Result "1-0"]
[WhiteElo "2267"]
[BlackElo "2213"]
[PlyCount "143"]

1. d4 d5 2. Nf3 Nf6 3. c4 e6 4. g3 c5 5. Bg2 Nc6 6. O-O Be7 7. Nc3 O-O 8. cxd5
exd5 9. Bg5 cxd4 10. Nxd4 h6 11. Bf4 Bg4 12. h3 Be6 13. Nxe6 fxe6 14. e4 d4 15.
e5 dxc3 16. exf6 Bxf6 17. bxc3 Qxd1 18. Rfxd1 Rad8 19. Rab1 Rxd1+ 20. Rxd1 Bxc3
21. Bxc6 bxc6 22. Be3 Bf6 23. Bxa7 Ra8 24. Rd7 c5 25. Kf1 Bd4 26. Ke2 Rf8 27.
f3 Rf5 28. Bb8 Rf8 29. Bc7 Kh7 30. Rd8 Rf7 31. Bb6 e5 32. a4 Rb7 33. a5 c4 34.
Bxd4 exd4 35. Rxd4 Rb2+ 36. Ke3 Rb3+ 37. Ke4 Ra3 38. Rd5 Kg8 39. Kd4 c3 40. Kd3
Kf7 41. Rc5 Kg8 42. h4 g6 43. Rc6 Kg7 44. a6 h5 45. Rc7+ Kf6 46. a7 g5 47. Rc6+
Kg7 48. hxg5 Rxa7 49. Rxc3 Kg6 50. Rc5 Ra3+ 51. Ke2 Ra2+ 52. Kf1 Rb2 53. Re5
Ra2 54. f4 Rb2 55. Re2 Rb1+ 56. Kg2 Kf5 57. Kh3 Rh1+ 58. Rh2 Rg1 59. Kh4 Kg6
60. f5+ Kxf5 61. Kxh5 Rxg3 62. Rf2+ Ke6 63. g6 Rh3+ 64. Kg5 Ke7 65. g7 Rh1 66.
Kg6 Rg1+ 67. Kh7 Rh1+ 68. Kg8 Rh4 69. Re2+ Kd7 70. Kf7 Rf4+ 71. Kg6 Rg4+ 72.
Kf6 1-0

[Event "Elit(Solna-Kungstornet)"]
[Site "?"]
[Date "2014.11.21"]
[Round "1"]
[White "Landgren, Andreas"]
[Black "Holmquist, Gunnar"]
[Result "0-1"]
[WhiteElo "2244"]
[BlackElo "2101"]
[PlyCount "42"]

1. d4 Nf6 2. c4 e6 3. Nc3 d5 4. cxd5 exd5 5. Bg5 Be7 6. e3 Nbd7 7. Nf3 c6 8.
Bd3 h6 9. Bh4 Ne4 10. Bxe7 Qxe7 11. Bxe4 dxe4 12. Nd2 Nf6 13. Qc2 Bf5 14. f3
exf3 15. Qxf5 Qxe3+ 16. Kd1 fxg2 17. Kc2 gxh1=Q 18. Rxh1 O-O 19. Nde4 Nxe4 20.
Nxe4 Rae8 21. Nf6+ gxf6 0-1

[Event "Elit(Limhamn-Rockaden,Sthlm)"]
[Site "?"]
[Date "2014.11.21"]
[Round "1"]
[White "Socko, Bartosz"]
[Black "Brynell, Stellan"]
[Result "1/2-1/2"]
[WhiteElo "2614"]
[BlackElo "2457"]
[PlyCount "92"]

1. d4 e6 2. Nf3 Nf6 3. e3 d5 4. Bd3 c5 5. O-O Nc6 6. b3 Be7 7. Bb2 O-O 8. Nbd2
b6 9. Ne5 Bb7 10. f4 Rc8 11. a3 Nxe5 12. dxe5 Ne4 13. Bxe4 dxe4 14. Qe2 f5 15.
exf6 Bxf6 16. Bxf6 Qxf6 17. Rad1 Rcd8 18. Nb1 h6 19. Qc4 Bd5 20. Qc3 Bb7 21.
Qxf6 gxf6 22. Nc3 Bc6 23. g4 Kf7 24. Kf2 Rg8 25. Rxd8 Rxd8 26. Rd1 Rg8 27. h3
Ke7 28. Ne2 a5 29. a4 c4 30. Nc3 cxb3 31. cxb3 Rc8 32. h4 Bb7 33. Rc1 Rc5 34.
Ne2 Bd5 35. Rxc5 bxc5 36. Nc1 Kf7 37. Ke1 f5 38. g5 hxg5 39. hxg5 e5 40. Kf2
Kg6 41. Kg3 Kh5 42. Kh3 Bf7 43. Kg3 Be6 44. Kh3 Bf7 45. Kg3 Bd5 46. Kh3 Bf7
1/2-1/2

[Event "Elit(Limhamn-Rockaden,Sthlm)"]
[Site "?"]
[Date "2014.11.21"]
[Round "1"]
[White "Jepson, Christian"]
[Black "Blomqvist, Erik"]
[Result "0-1"]
[WhiteElo "2415"]
[BlackElo "2512"]
[PlyCount "72"]

1. d4 d5 2. c4 c6 3. Nf3 Nf6 4. Nc3 dxc4 5. a4 Bf5 6. e3 e6 7. Bxc4 Bb4 8. O-O
O-O 9. Qe2 Bg6 10. Ne5 Nbd7 11. Nxg6 hxg6 12. Rd1 Qa5 13. Na2 Be7 14. Bd2 Qh5
15. Qxh5 gxh5 16. a5 Rfd8 17. Rac1 Rac8 18. Be1 c5 19. Be2 cxd4 20. exd4 g6 21.
Rxc8 Rxc8 22. Rc1 Rxc1 23. Nxc1 Nd5 24. Bf3 Nb8 25. Nd3 Nc6 26. Bxd5 exd5 27.
Bc3 Bf6 28. Nc5 Nxd4 29. Kf1 Ne6 30. Nxb7 Be7 31. Be5 a6 32. Bd6 Kf8 33. b4
Bxd6 34. Nxd6 Ke7 35. Nc8+ Kd7 36. Na7 Nd4 0-1

[Event "Elit(Limhamn-Rockaden,Sthlm)"]
[Site "?"]
[Date "2014.11.21"]
[Round "1"]
[White "Wiedenkeller, Michael"]
[Black "Hector, Jonny"]
[Result "1-0"]
[WhiteElo "2471"]
[BlackElo "2483"]
[PlyCount "113"]

1. c4 e5 2. g3 c6 3. d4 Bb4+ 4. Bd2 Bxd2+ 5. Qxd2 d6 6. Nc3 Nf6 7. Bg2 O-O 8.
dxe5 dxe5 9. Qxd8 Rxd8 10. Nf3 Re8 11. O-O Na6 12. Rfd1 Bf5 13. Nd2 Rad8 14.
Nb3 Rxd1+ 15. Rxd1 Bc2 16. Ra1 Bxb3 17. axb3 Rc8 18. b4 Nxb4 19. Rxa7 Rb8 20.
Ra4 Nc2 21. Ra5 Re8 22. Ra7 Rb8 23. e3 Ne1 24. Ne4 Nd3 25. Nxf6+ gxf6 26. b3
Kg7 27. Be4 Nc5 28. Bc2 Na6 29. Kg2 h6 30. Kf3 Kf8 31. Be4 Nc5 32. b4 Ne6 33.
h4 Ng7 34. g4 Ne6 35. Bf5 Nc7 36. Bd7 Na8 37. c5 Kg7 38. Ke2 h5 39. gxh5 Kh6
40. Kf3 Kxh5 41. Ke4 Kg6 42. h5+ Kg5 43. f4+ Kxh5 44. Kf5 exf4 45. exf4 Kh4 46.
Kxf6 Kg3 47. f5 Kf4 48. Kxf7 Nc7 49. Bxc6 bxc6 50. Rxc7 Kxf5 51. Rxc6 Ke5 52.
Ke7 Rxb4 53. Rh6 Kd5 54. c6 Rg4 55. c7 Rg8 56. Kd7 Rg7+ 57. Kc8 1-0

[Event "Elit(Limhamn-Rockaden,Sthlm)"]
[Site "?"]
[Date "2014.11.21"]
[Round "1"]
[White "Schneider, Stefan"]
[Black "Barkhagen, Jonas"]
[Result "1/2-1/2"]
[WhiteElo "2390"]
[BlackElo "2438"]
[PlyCount "110"]

1. d4 Nf6 2. Nf3 e6 3. c4 b6 4. g3 Ba6 5. Qa4 Bb7 6. Bg2 c5 7. dxc5 Bxc5 8. O-O
O-O 9. Nc3 Na6 10. Bf4 Be7 11. Rfd1 Nc5 12. Qc2 Nce4 13. Ne5 Nxc3 14. Bxb7 Nxd1
15. Rxd1 Rc8 16. Bxc8 Qxc8 17. Qa4 d5 18. Qxa7 Bc5 19. Nd3 Bd4 20. cxd5 Qc2 21.
Rd2 Qb1+ 22. Kg2 Ne4 23. dxe6 fxe6 24. Qd7 Nxd2 25. Qxe6+ Kh8 26. Bxd2 Qc2 27.
Bb4 Rg8 28. Ba3 Bf6 29. Nf4 b5 30. Nd3 Qc7 31. Bc5 Qb8 32. Qf5 Qa8+ 33. e4 Re8
34. f3 Qxa2 35. Kh3 Bxb2 36. Qd7 Rg8 37. e5 Ba1 38. e6 Bf6 39. Nf4 Qa8 40. e7
Qe8 41. Qd6 Qb8 42. Nd5 Qxd6 43. Bxd6 Rc8 44. Nc7 Bxe7 45. Nxb5 Bf6 46. Bc7 Kg8
47. Kg4 Ra8 48. Bf4 Ra4 49. Nd6 Be7 50. Ne4 Kf7 51. h4 Ra3 52. h5 g6 53. hxg6+
Kxg6 54. Bd6 h5+ 55. Kf4 Bxd6+ 1/2-1/2

[Event "Elit(Limhamn-Rockaden,Sthlm)"]
[Site "?"]
[Date "2014.11.21"]
[Round "1"]
[White "Karlsson, Lars"]
[Black "Johansson, Linus"]
[Result "1-0"]
[WhiteElo "2430"]
[BlackElo "2396"]
[PlyCount "91"]

1. b3 e5 2. Bb2 Nc6 3. Nf3 e4 4. Ne5 Nxe5 5. Bxe5 Nf6 6. c4 Be7 7. Nc3 O-O 8.
e3 d6 9. Bf4 c6 10. Be2 d5 11. cxd5 Nxd5 12. Nxd5 Qxd5 13. Bc4 Qa5 14. a3 Rd8
15. b4 Qf5 16. Bc7 Rd7 17. Bg3 Rd8 18. Bc7 Rd7 19. Bg3 a5 20. Rb1 h5 21. h3
axb4 22. axb4 b5 23. Bb3 h4 24. Bf4 Bxb4 25. O-O c5 26. Ra1 Rxa1 27. Qxa1 Bb7
28. Be5 Qg5 29. Bc3 Bxc3 30. dxc3 Rd6 31. Qa7 Rg6 32. Bxf7+ Kxf7 33. Qxb7+ Qe7
34. Qxb5 Kg8 35. Rd1 Kh7 36. Rd5 Rg5 37. Qd7 Qxd7 38. Rxd7 Re5 39. Rd6 Kg8 40.
c4 Re7 41. Rd5 Ra7 42. Rxc5 Ra1+ 43. Kh2 Ra2 44. Rh5 Rc2 45. Rxh4 Rxc4 46. f3
1-0

[Event "Elit(Limhamn-Rockaden,Sthlm)"]
[Site "?"]
[Date "2014.11.21"]
[Round "1"]
[White "Lindgren, Philip"]
[Black "Bator, Robert"]
[Result "0-1"]
[WhiteElo "2353"]
[BlackElo "2426"]
[PlyCount "80"]

1. c4 c6 2. g3 d5 3. Nf3 Nf6 4. Bg2 Nbd7 5. d4 dxc4 6. a4 a5 7. Qc2 Nb6 8. e4
g6 9. O-O Bg7 10. h3 O-O 11. Be3 Ne8 12. Na3 Nd6 13. Rad1 f5 14. e5 Ne8 15.
Nxc4 Nd5 16. Bc1 Nec7 17. h4 f4 18. Ng5 h6 19. Ne4 Bf5 20. Qe2 Qc8 21. Bf3 Bh3
22. g4 h5 23. gxh5 b5 24. Na3 gxh5 25. Rfe1 Bg4 26. Ng5 Bh6 27. Qc2 Rf5 28.
Qxc6 Rxg5 29. hxg5 Bxf3 30. Qg6+ Bg7 31. e6 Bxd1 32. axb5 Bg4 33. Qf7+ Kh8 34.
Nc4 Nxe6 35. Ne5 Qg8 36. f3 Qxf7 37. Nxf7+ Kg8 38. fxg4 Bxd4+ 39. Kg2 Kxf7 40.
g6+ Kf6 0-1

[Event "Elit(Limhamn-Rockaden,Sthlm)"]
[Site "?"]
[Date "2014.11.21"]
[Round "1"]
[White "Hedman, Erik"]
[Black "Golubenko, Valeri"]
[Result "1-0"]
[WhiteElo "2370"]
[BlackElo "2252"]
[PlyCount "81"]
[EventDate "2014.??.??"]

1. d4 Nf6 2. c4 e6 3. Nf3 c5 4. d5 b5 5. dxe6 fxe6 6. e4 bxc4 7. e5 Nd5 8. Bxc4
Ba6 9. b3 Bxc4 10. bxc4 Nb6 11. Qe2 Be7 12. O-O O-O 13. a4 Nc6 14. a5 Nc8 15.
Bd2 Qe8 16. Nc3 Qh5 17. Rfe1 a6 18. Qd3 Ra7 19. Re4 Rc7 20. Ne2 N8a7 21. Ng3
Qg6 22. h4 h6 23. h5 Qf7 24. Rg4 Nb4 25. Qe4 d5 26. exd6 Bxd6 27. Bc3 Qe8 28.
Rg6 Rf4 29. Qe2 Re7 30. Ne4 Qc6 31. Re1 Bc7 32. Nf6+ Kf8 33. Ne5 Bxe5 34. Bxe5
Rf5 35. Nh7+ Kg8 36. Nf6+ Kf8 37. Qg4 Nd3 38. Rxh6 Nxe5 39. Rxe5 Rxf6 40. Rh8+
Kf7 41. Rg5 1-0

[Event "Elit(Limhamn-Rockaden,Sthlm)"]
[Site "?"]
[Date "2014.11.21"]
[Round "1"]
[White "Penalver, Osmani"]
[Black "Engqvist, Thomas"]
[Result "1/2-1/2"]
[WhiteElo "2269"]
[BlackElo "2353"]
[PlyCount "153"]

1. d4 Nf6 2. c4 e6 3. g3 Bb4+ 4. Bd2 Qe7 5. Bg2 Nc6 6. a3 Bxd2+ 7. Qxd2 d6 8.
Nf3 e5 9. dxe5 dxe5 10. Nc3 Na5 11. Nd5 Nxc4 12. Nxe7 Nxd2 13. Nxc8 Nxf3+ 14.
Bxf3 e4 15. Nxa7 Rxa7 16. Bg2 Ra4 17. O-O O-O 18. Rfd1 Rc4 19. Rac1 Rxc1 20.
Rxc1 c6 21. Rc4 Rd8 22. Rb4 Rd1+ 23. Bf1 Rd7 24. Bh3 Re7 25. Bc8 b5 26. Rd4 Kf8
27. Bh3 Rc7 28. Bf5 g6 29. Bxe4 c5 30. Rd8+ Ke7 31. Rd3 Nxe4 32. Re3 f5 33. f3
Kf6 34. fxe4 Re7 35. Rb3 Rxe4 36. Rxb5 Rxe2 37. a4 c4 38. a5 Rc2 39. a6 Rc1+
40. Kf2 Ra1 41. Rb6+ Ke5 42. Ke3 g5 43. Rb5+ Kf6 44. Rc5 Rxa6 45. Rxc4 Ra1 46.
Rc2 Re1+ 47. Kd3 f4 48. gxf4 gxf4 49. Re2 Ra1 50. Ke4 Ra4+ 51. Kd5 f3 52. Rf2
Rf4 53. b4 Kg5 54. b5 Kg4 55. Ke5 Rf5+ 56. Ke4 Rf8 57. b6 Re8+ 58. Kd3 Kf4 59.
Kd2 Rb8 60. Ke1 Rxb6 61. Ra2 Re6+ 62. Kf2 h5 63. Ra4+ Re4 64. Ra2 Kg4 65. h3+
Kf4 66. Rb2 h4 67. Ra2 Re5 68. Ra4+ Re4 69. Ra2 Re2+ 70. Rxe2 fxe2 71. Kxe2 Kg3
72. Kf1 Kxh3 73. Kf2 Kh2 74. Kf1 h3 75. Kf2 Kh1 76. Kf1 h2 77. Kf2 1/2-1/2

[Event "Elit(Vasteras-Eksjo)"]
[Site "?"]
[Date "2014.11.21"]
[Round "1"]
[White "Rasmussen, Allan Stig"]
[Black "Sjodahl, Pontus"]
[Result "1-0"]
[WhiteElo "2527"]
[BlackElo "2419"]
[PlyCount "105"]

1. e4 e6 2. d4 d5 3. Nc3 Bb4 4. e5 c5 5. a3 Bxc3+ 6. bxc3 Ne7 7. Qg4 O-O 8. Bd3
Nbc6 9. Qh5 Ng6 10. Nf3 Qc7 11. Be3 c4 12. Bxg6 fxg6 13. Qg4 Qf7 14. Ng5 Qe8
15. h4 Bd7 16. h5 h6 17. Nf3 Ne7 18. Ng1 Qf7 19. Qe2 Be8 20. g4 gxh5 21. Rxh5
Qg6 22. f3 b5 23. Rh3 a5 24. Qd2 Qf7 25. Ne2 Ng6 26. f4 Rb8 27. Kf2 Qe7 28. Kg1
b4 29. axb4 axb4 30. cxb4 Rxb4 31. Rf1 Bd7 32. Nc3 Rbb8 33. Rh5 Be8 34. Qh2 Qd7
35. Rh3 Rb2 36. Bc1 Rb7 37. Ba3 Rf7 38. Re3 Rb6 39. Ne2 Ne7 40. Ng3 Qb7 41. f5
Rb1 42. Ref3 Rxf1+ 43. Rxf1 Nc6 44. Ne2 c3 45. Bc5 Qb5 46. Nc1 Qa4 47. Nb3 Qc4
48. f6 Nb4 49. g5 hxg5 50. Rf3 g4 51. Rf4 Nxc2 52. fxg7 Rxg7 53. Rf8# 1-0

[Event "Elit(Vasteras-Eksjo)"]
[Site "?"]
[Date "2014.11.21"]
[Round "1"]
[White "Akesson, Ralf"]
[Black "Gdanski, Jacek"]
[Result "1/2-1/2"]
[WhiteElo "2461"]
[BlackElo "2500"]
[PlyCount "119"]

1. d4 Nf6 2. c4 c5 3. d5 g6 4. Nc3 d6 5. e4 Bg7 6. h3 e6 7. Nf3 O-O 8. Bd3 exd5
9. exd5 Qe7+ 10. Qe2 Qxe2+ 11. Kxe2 Re8+ 12. Kf1 Na6 13. Bf4 Nb4 14. Bb1 Bf5
15. Bxf5 gxf5 16. Rd1 Ne4 17. Nb5 Rad8 18. a3 a6 19. Nxd6 Nxd6 20. Bxd6 Rxd6
21. axb4 Rb6 22. bxc5 Rxb2 23. g4 Ree2 24. Rh2 f4 25. c6 bxc6 26. dxc6 Re7 27.
Nh4 Bf8 28. Ra1 Rb6 29. f3 Rxc6 30. Nf5 Rec7 31. Rd2 Rxc4 32. Rxa6 Rc1+ 33. Ke2
R7c2 34. h4 h5 35. Rxc2 Rxc2+ 36. Kd3 Rc5 37. Ra4 hxg4 38. fxg4 f3 39. Rf4 Bg7
40. Kd2 Ra5 41. Rxf3 Ra2+ 42. Ke3 Ra3+ 43. Ke2 Rxf3 44. Kxf3 Bb2 45. Ke4 Kh7
46. h5 Bc3 47. Nd6 Kg7 48. Kf5 Bb2 49. Ne8+ Kf8 50. Nf6 Kg7 51. Nd7 Bc3 52. Ne5
Bd2 53. Nf3 Bc3 54. Ng5 Bd4 55. Ne4 Bb2 56. g5 Bd4 57. Nf6 Bb2 58. Ng4 Bc3 59.
Ne5 Bb2 60. Nd3 1/2-1/2

[Event "Elit(Vasteras-Eksjo)"]
[Site "?"]
[Date "2014.11.21"]
[Round "1"]
[White "Bejtovic, Jasmin"]
[Black "Pohjala, Henri"]
[Result "0-1"]
[WhiteElo "2380"]
[BlackElo "2408"]
[PlyCount "82"]

1. e4 e5 2. Nf3 Nc6 3. d4 exd4 4. Nxd4 d6 5. Nc3 Nf6 6. Bc4 Be7 7. Nxc6 bxc6 8.
O-O O-O 9. h3 Nd7 10. f4 Kh8 11. Qf3 Rb8 12. b3 f5 13. exf5 Rxf5 14. Qe2 Rf8
15. Bd2 d5 16. Ba6 Re8 17. Rf2 Bc5 18. Qf1 Bxf2+ 19. Kxf2 Nc5 20. Bxc8 Rxc8 21.
Kg1 Qf6 22. Rd1 Rcd8 23. Ne2 Ne4 24. Bc1 Nc3 25. Nxc3 Qxc3 26. f5 Re4 27. Bd2
Qe5 28. Qf3 Rf8 29. Rf1 Re2 30. Bb4 Rf7 31. Kh1 Qe4 32. Qxe4 Rxe4 33. Bc5 a6
34. c3 h5 35. Bd4 c5 36. Bxc5 Re5 37. g4 hxg4 38. hxg4 Re4 39. Rg1 Kg8 40. a4
g6 41. Bd4 Rh7+ 0-1

[Event "Elit(Vasteras-Eksjo)"]
[Site "?"]
[Date "2014.11.21"]
[Round "1"]
[White "Janse, Rasmus"]
[Black "Carlsson, Pontus"]
[Result "0-1"]
[WhiteElo "2229"]
[BlackElo "2492"]
[PlyCount "120"]

1. d4 Nf6 2. c4 e6 3. Nc3 Bb4 4. e3 O-O 5. Bd3 d5 6. cxd5 exd5 7. Nge2 Bd6 8.
f3 c5 9. O-O Re8 10. Bd2 Nc6 11. Rc1 a6 12. Kh1 h6 13. Bb1 cxd4 14. exd4 Na5
15. Bd3 Nc4 16. Bxc4 dxc4 17. a4 Bf5 18. Re1 Qb6 19. Ng3 Bxg3 20. hxg3 Qxd4 21.
Be3 Qd3 22. Qxd3 cxd3 23. Rcd1 Rad8 24. g4 Bg6 25. g5 hxg5 26. Bxg5 Rxe1+ 27.
Rxe1 Rd4 28. Rd1 Nd7 29. Kg1 Ne5 30. b3 Rb4 31. Rb1 f6 32. Be3 Bf7 33. f4 Nc6
34. Rd1 Rxb3 35. Ne4 b6 36. Rc1 Bd5 37. Nc3 Bc4 38. Ne4 Bd5 39. Nc3 Nb4 40. Rb1
Rxb1+ 41. Nxb1 b5 42. axb5 axb5 43. Na3 Bc6 44. Kf2 Nd5 45. Bc1 Kf7 46. g4 Ke6
47. Ke1 Kd6 48. Kd1 Kc5 49. g5 b4 50. Nb1 Ba4+ 51. Kd2 Bc2 52. Na3 bxa3 53.
Bxa3+ Kc6 54. Bb2 fxg5 55. fxg5 g6 56. Ba3 Kd7 57. Kc1 Ke6 58. Kb2 Kf5 59. Ka2
d2 60. Bc1 d1=Q 0-1

[Event "Elit(Vasteras-Eksjo)"]
[Site "?"]
[Date "2014.11.21"]
[Round "1"]
[White "Vernersson, Per"]
[Black "Eriksson, Anders"]
[Result "1-0"]
[WhiteElo "2302"]
[BlackElo "2289"]
[PlyCount "41"]

1. Nf3 Nf6 2. c4 e6 3. Nc3 c5 4. e3 Be7 5. d4 cxd4 6. exd4 d5 7. cxd5 Nxd5 8.
Bc4 O-O 9. O-O Nxc3 10. bxc3 Nc6 11. Re1 b6 12. Bd3 Bb7 13. h4 Bf6 14. Ng5 g6
15. Qg4 Bg7 16. h5 Ne5 17. Rxe5 Bxe5 18. hxg6 Bg7 19. gxf7+ Kh8 20. Qh5 h6 21.
Qg6 1-0

[Event "Elit(Vasteras-Eksjo)"]
[Site "?"]
[Date "2014.11.21"]
[Round "1"]
[White "Norberg, Erik"]
[Black "Malesevic, Nedeljko"]
[Result "1/2-1/2"]
[WhiteElo "2234"]
[BlackElo "2248"]
[PlyCount "164"]

1. g3 d5 2. Bg2 Nf6 3. Nf3 Bf5 4. c4 c6 5. b3 e6 6. O-O Be7 7. Bb2 O-O 8. d3 h6
9. Nbd2 Nbd7 10. a3 Bh7 11. b4 a5 12. c5 Qc7 13. Rc1 axb4 14. axb4 Ra2 15. Qb3
Rfa8 16. Nd4 R2a4 17. Nb1 e5 18. Nc3 R4a6 19. Nc2 b6 20. cxb6 Qxb6 21. Ba3 Bf5
22. Ra1 d4 23. Nb1 Be6 24. Qb2 Rb8 25. Nd2 Qb5 26. Rfb1 Nb6 27. Bxc6 Qxc6 28.
b5 Bxa3 29. bxc6 Bxb2 30. Rxa6 Nbd5 31. Ra2 Rc8 32. Raxb2 Nc3 33. Re1 Rxc6 34.
f4 Na4 35. Rb8+ Kh7 36. Nb4 Rc5 37. fxe5 Nd7 38. Ra8 Ndb6 39. Ra6 Rxe5 40. Nf3
Rb5 41. Nc6 Rb2 42. Ncxd4 Bh3 43. Ra7 Kg8 44. Rc1 Nc3 45. Rb7 Ncd5 46. Ne5 Rb4
47. Nec6 Rb2 48. Ne7+ Nxe7 49. Rxe7 Nd5 50. Re5 Nf6 51. Rec5 g5 52. R5c2 Rb4
53. Nc6 Ra4 54. Ne5 Ra5 55. Rc5 Ra2 56. Kf2 Be6 57. h4 gxh4 58. gxh4 h5 59.
Rg1+ Kf8 60. Rc7 Nd5 61. Rc5 Nf4 62. Ke3 Nd5+ 63. Kf3 Ne7 64. e4 Rh2 65. d4
Rh3+ 66. Rg3 Rxh4 67. d5 f6 68. Ng6+ Nxg6 69. Rxg6 Bg4+ 70. Ke3 Kf7 71. Rxg4
Rxg4 72. Rc7+ Ke8 73. Rh7 Rg5 74. Kd4 Re5 75. Kc5 Rxe4 76. Rxh5 Kd7 77. Rh6 Re1
78. Rh7+ Re7 79. Rxe7+ Kxe7 80. Kc6 Kd8 81. Kd6 f5 82. Ke5 Kd7 1/2-1/2

[Event "Elit(Vasteras-Eksjo)"]
[Site "?"]
[Date "2014.11.21"]
[Round "1"]
[White "Ornstein, Axel"]
[Black "Orndahl, Markus"]
[Result "1/2-1/2"]
[WhiteElo "2335"]
[BlackElo "2194"]
[PlyCount "90"]

1. d4 Nf6 2. Nf3 d5 3. c4 c6 4. Qb3 g6 5. Bf4 dxc4 6. Qxc4 Bg7 7. Nbd2 O-O 8.
e4 Nbd7 9. Be2 Nh5 10. Bg5 h6 11. Be3 Qc7 12. e5 Nb6 13. Qc1 Nd5 14. Ne4 f5 15.
exf6 exf6 16. Bc4 Kh7 17. O-O Nhf4 18. Nc3 Qd6 19. Re1 Bg4 20. Nd2 Rae8 21.
Nde4 Qb8 22. Qd2 g5 23. Bb3 Bf5 24. Nc5 b6 25. Bc2 Qc8 26. N5e4 Rd8 27. Ng3
Bxc2 28. Qxc2+ f5 29. Bxf4 Nxf4 30. Re7 Rxd4 31. Rxa7 Kg6 32. Re1 Rd7 33. Rxd7
Qxd7 34. Nge2 Nxe2+ 35. Qxe2 Bf6 36. Rd1 Qe7 37. Qc4 Re8 38. h3 Qe6 39. Qd3 Rd8
40. Qc2 Rxd1+ 41. Qxd1 b5 42. Qd2 b4 43. Nd1 Qxa2 44. Qxb4 Qb1 45. Qd6 Qe4
1/2-1/2

[Event "Elit(Vasteras-Eksjo)"]
[Site "?"]
[Date "2014.11.21"]
[Round "1"]
[White "Nilsson, Andre"]
[Black "Thornert, Hakan"]
[Result "1/2-1/2"]
[WhiteElo "2222"]
[BlackElo "2225"]
[PlyCount "29"]

1. g3 e5 2. Bg2 d5 3. d3 Nc6 4. Nf3 Bg4 5. e3 Qd7 6. h3 Bh5 7. g4 Bg6 8. Nh4
Nge7 9. Nd2 f6 10. Nxg6 Nxg6 11. Nf3 O-O-O 12. b4 Kb8 13. b5 Na5 14. Rb1 Bc5
15. Bd2 1/2-1/2